LIBRARY & INFORMATION CENTRE, KCAET, TAVANUR

ONLINE PUBLIC ACCESS CATALOGUE (OPAC)

Poetry and prose / (Record no. 5309)

MARC details
000 -LEADER
fixed length control field 00347cam a2200145ua 4500
041 ## - LANGUAGE CODE
Language code of text/sound track or separate title eng
082 ## - DEWEY DECIMAL CLASSIFICATION NUMBER
Classification number 821
Item number BYR/PO
100 ## - MAIN ENTRY--AUTHOR NAME
Personal name Byron, .
245 ## - TITLE STATEMENT
Title Poetry and prose /
260 ## - PUBLICATION, DISTRIBUTION, ETC. (IMPRINT)
Place of publication London :
Name of publisher Oxford at the Clarendon Press ,
Year of publication 1962.
300 ## - PHYSICAL DESCRIPTION
Number of Pages 207 ; .
942 ## - ADDED ENTRY ELEMENTS (KOHA)
Koha item type Books
Holdings
Withdrawn status Lost status Damaged status Home library Current library Date acquired Full call number Accession Number Koha item type
Withdrawn     KAUAET Malayalam University 07/04/2012 821 5239 Books
free website counter